Эфиры на основе хлоргидрата 5-хлорметил-8-хинолинола; Гетероциклы в органическом синтезе

Dettagli Bibliografici
Parent link:Гетероциклы в органическом синтезе.— 1964.— С. 177-178
Autore principale: Аристов Л. И.
Altri autori: Серебрянская Г. Г.
Lingua:russo
Pubblicazione: 1964
Soggetti:
Natura: MixedMaterials Capitolo di libro
KOHA link:https://koha.lib.tpu.ru/cgi-bin/koha/opac-detail.pl?biblionumber=591163

MARC

LEADER 00000naa0a2200000 4500
001 591163
005 20250822115755.0
035 |a (RuTPU)RU\TPU\tpu\1200 
035 |a TPU00001200 
090 |a 591163 
100 |a 20011210d1964 k||y0rusy50 ca 
101 0 |a rus 
102 |a RU 
200 1 |a Эфиры на основе хлоргидрата 5-хлорметил-8-хинолинола  |f Л. И. Аристов, Г. Г. Серебрянская 
463 1 |t Гетероциклы в органическом синтезе  |v С. 177-178  |d 1964 
610 1 |a химические науки 
610 1 |a труды учёных ТПУ 
700 1 |a Аристов  |b Л. И. 
701 1 |a Серебрянская  |b Г. Г. 
801 0 |a RU  |b 63413507  |c 20011210  |g PSBO 
801 2 |a RU  |b 63413507  |c 20051018  |g PSBO 
942 |c BK